"Downtown" Classic Lyrics - Statistics

General Stats
  • This quiz has been taken 24 times
  • The average score is 160 of 225
Answer Stats
Lyrics % Correct
a
100%
downtown.
100%
downtown,
100%
downtown ...
100%
go
100%
you
100%
you.
100%
you,
100%
all
94%
and
94%
And
94%
can
94%
cares,
94%
cares
94%
cares.
94%
for
94%
forget
94%
I
94%
the
94%
The
94%
troubles,
94%
When
94%
when
94%
your
94%
you're
94%
are
88%
there
88%
there.
88%
alone
81%
always
81%
be
81%
bright,
81%
Just
81%
just
81%
lights
81%
of
81%
so
81%
So
81%
listen
75%
much
75%
no
75%
traffic
75%
who
75%
brighter
69%
in
69%
music
69%
to
69%
waiting
69%
city,
63%
on
63%
pretty.
63%
where
63%
will
63%
bossa
56%
gentle
56%
gonna
56%
is
56%
lonely
56%
nova,
56%
place
56%
see
56%
some
56%
We
56%
find
50%
I'll
50%
know,
50%
know
50%
life
50%
making
50%
may
50%
neon
50%
signs
50%
they
50%
worries
50%
Don't
44%
everything's
44%
got
44%
How
44%
Maybe
44%
maybe
44%
never
44%
rhythm
44%
right
44%
sidewalk
44%
Things
44%
you'll
44%
you've
44%
again.
38%
along.
38%
close
38%
great
38%
guide
38%
hand
38%
happy
38%
like
38%
linger
38%
needs
38%
night
38%
now
38%
our
38%
somebody
38%
someone
38%
sure,
38%
too
38%
around
31%
dancing
31%
finer
31%
help,
31%
help
31%
hurry
31%
lose?
31%
surround
31%
them
31%
tonight,
31%
with
31%
before
25%
kind
25%
let
25%
little
25%
movie
25%
over,
25%
places
25%
seems
25%
understand
25%
hang
19%
noise
19%
problems
19%
shows
19%
No matching quizzes found
Score Distribution
Percent of People with Each Score
Percentile by Number Answered
Your Score History
You have not taken this quiz